Countries Without the Vowels - Statistics

General Stats
  • This quiz has been taken 34 times
    23 since last reset
  • The average score is 21 of 25
Answer Stats
Hint Answer % Correct
TLY Italy
100%
MLDVS Maldives
100%
MLT Malta
100%
RSS Russia
100%
SRLNK Sri Lanka
100%
BLV Bolivia
95%
CSTRC Costa Rica
95%
HT Haiti
95%
LBR Liberia
95%
NMB Namibia
95%
RMN Romania
95%
TWN Taiwan
95%
GYN Guyana
90%
SLVN Slovenia
90%
TVL Tuvalu
90%
CRT Croatia
86%
SNGL Senegal
86%
KRN Ukraine
71%
STN Estonia
67%
SWTN Eswatini
67%
STR Austria
62%
RTR Eritrea
62%
ND India
57%
GND Uganda
57%
CLND Iceland
52%
No matching quizzes found
Score Distribution
Percent of People with Each Score
Percentile by Number Answered
Your Score History
You have not taken this quiz since the last reset